000 00241 a2200097 4500
001 35657
100 _aStanleg William
245 _aOperational amplifiers with linear integrated circuit
260 _a
_bMerrill P
_c
090 _c23443
_d23443
942 _aNUST-CAE
_cM
_c14940
999 _c270730
_d270730